000 00357nam a2200157Ia 4500
001 22504
003 IN-NITTTR
005 20251114233254.0
008 251113s9999||||xx |||||||||||||| ||eng||
040 _beng
040 _cIN-NITTTR
041 _aeng
082 _a658.562 J974 R
245 0 _aJuran on quality imprvement :
_b workbook /
942 _2ddc
_cBK
999 _c25133
_d25133